000 00670nam a2200229Ia 4500
003 OSt
005 20220925230714.0
006 a|||||r|||| 00| 0
007 ta
008 220923b |||||||| |||| 00| 0 eng d
037 _cGeneral Book
040 _aRTL
_cRTL
_beng
041 _2eng
_aeng
082 _aX:327.N8, N0/SC
100 _aBHAGAVAN M R
_9294186
245 0 _aTechnological advance in the third world
_b Strategies and prospects
260 _aLondon
_bZed Books Ltd.
_c1990
300 _axii,156p.
_ccm.
500 _aBibliography: P 149-52
942 _hX:327.N8, N0/SC
_cGB
_2CC
999 _c586394
_d586394